| 000 | 01542nam a22001697a 4500 | ||
|---|---|---|---|
| 008 | 180417b xxu||||| |||| 00| 0 eng d | ||
| 020 | _a1575211203 | ||
| 050 | _aQA 76.73. V27 B76 | ||
| 100 | _aBrophy, Keith. | ||
| 245 | _aTeach yourself VBscript in 21 days. / | ||
| 260 |
_aIndianapolis: _bSam. net publishing; _c1996. |
||
| 300 |
_axxviii, 679p. : ill .: _c24cm. |
||
| 500 | _aIt includes appendix and index. | ||
| 505 | _aContents: Introduction: Week 1 at a glance: Day 1: Introducing VBScript and the World Wide Web -- 2: The essence of VBScript -- 3: Extending the power of web pages with VBScript -- 4: Creating variables in VBScript 5: Putting operators to work in VBScript -- 6: Controlling the flow of VBScript code -- 7: Building a home for your code -- Week 2 at a glance: Day 8: Intrinsic HTML form controls -- 9: More intrinsic HTML form controls 10: An introduction to objects and activeX controls -- 11: More ActiveX controls -- 12: Advanced objects: ActiveX, Java, and Active VRML -- 13: VBScript standards and conventions -- 14: Working with documents and user interface functions -- Week 3 at a glance: 15: Extendig your web pages with strings -- 16: Extending your web pages with dates and advanced math -- 17: Exterminating bugs from your script -- 18: Advanced user interface and browser object techniques -- 19: Dynamic page flow and server submittal -- 20: Porting between visual Basic and VBScript -- 21: Security, Stability, and distributed source control issues. | ||
| 700 | _aKoets, Timothy. | ||
| 942 |
_2lcc _cBK |
||
| 999 |
_c6571 _d14071 |
||